000 01181cam a22003377a 4500
003 CHAP
005 20220329142545.0
008 010920d2001 mx r 00110 spa d
010 _a84879
011 _a85851
035 _a96388
040 _cCHAP
090 _aTesis
100 0 0 _aRíos Rizo, Mauro Salvador.
_999235
245 1 3 _aLa participación del estado en la industrialización del maíz :
_b(el caso de MINSA)
_c/por Mauro Salvador Ríos Rizo
260 _aMéxico, D.F. :
_bEl autor,
_c1977.
300 _a130 p.
502 _aTesis (Lic. en Economía) -- Universidad Nacional Autónoma de México. Facultad de Economía
590 _aALEPH
_b10
_c20130110
_lUCH01
_h1444
590 _aBATCH-UPD
_b10
_c20130110
_lUCH01
_h0752
590 _aBATCH-UPD
_b10
_c20130410
_lUCH01
_h0432
590 _aBATCH-UPD
_b10
_c20130914
_lUCH01
_h0317
590 _aCONVERSION
_b10
_c20130109
_lUCH01
_h1347
650 1 4 _aAgricultura y Estado
_xMéxico.
_92054
650 1 4 _aHarina de maíz.
_952713
650 1 4 _aMaíz
_xIndustria.
_970980
901 _aBK
905 _aAlejandra Carrasco M.
942 _cTESIS
949 _aTesis
_bBC
_cTES
_d33724000856324
_eTS1
_h38594
_i96388
_kDon.
_sb
999 _c84879
_d84879